000 00310nam a2200157Ia 4500
100 _aRobert ludlum
650 _aFiciton
942 _cBK
366 _f20
245 _aBourne Supremacy
260 _bBantam Books
_c2004
082 _a808.83/ROB
_bROB
300 _a646
546 _aENGLISH
999 _c35651
_d35651